Шестнайсет кратки речи за разни случаи (Запис номер 373041)
[ съкратено ]
| 000 -Лидер | |
|---|---|
| Контролно поле с фиксирана дължина | 02097nmm a2200421 a 4500 |
| 003 - Код на организацията, давaща контролен номер | |
| Контролно поле | BLK |
| 005 - Дата и час на последна редакция | |
| Контролно поле | 20230725151102.0 |
| 008 - Елементи от данни с фиксирана дължина | |
| fixed length control field | 200703b bu ||||| |||| 00| 0 bu d |
| 037 ## - Източник за комплектуване - предоставяща организация | |
| Предоставяща организация (билиотека) | Русенската митрополия |
| Баркод или инв.номер в предоставящата организация | 100000000208 |
| 040 ## - Източник на каталожния запис | |
| Идентификатор на билиотеката - собственик на записа | BLK |
| 041 ## - Код за език | |
| Код за езика на текст/звукозапис или на отделно заглавие | Български |
| Код за езика КДБФ | Български |
| 080 ## - УДК | |
| Текстов определител УДК | Проповеди |
| УДК код - определител по УДК | 27-475 |
| УДК - код + определител | 27-475 |
| 100 ## - Редна дума - Автор | |
| Автор | Герасим, митрополит Струмишки |
| R(LIN) | 417470 |
| Дати, свързани с автора | 1860-1918 |
| Автор - информация (биография) | Висш духовник. Един от основателите на революционния комитет на ВМОРО в Струмица, 1895. |
| 139 ## - Редно поле | |
| Редна дума | Герасим, митрополит Струмишки |
| Авторски знак | Гер - Г 38 |
| 245 ## - Сведения за заглавието | |
| Заглавие | Шестнайсет кратки речи за разни случаи |
| Редно поле (дума) | Митрополит Герасим Струмишки |
| 257 ## - Страна на издаване | |
| Страна на създаване/издаване | България |
| 260 ## - Област на издателските данни | |
| Място на издаване, разпространение и проч. | София |
| Година на издаване | 1915 |
| Печатница | София : Искра |
| 300 ## - Физическа характеристика | |
| Страници | 47 с. |
| Размери/Мащаб | 25 см |
| 380 ## - Жанр | |
| Жанр | Религия. Теология |
| 490 ## - СЕРИИ (Колекции) | |
| 9 (RLIN) | 410374 |
| Име на серия | Писмените съкровища на Долен Дунав |
| 490 ## - СЕРИИ (Колекции) | |
| 9 (RLIN) | 415800 |
| Име на серия | Библиотека при Русенска митрополия |
| 500 ## - Общи забележки | |
| Забележка | Книгата е от библиотеката при Русенската митрополия по проект "Писмените съкровища на Долен Дунав" |
| 501 ## - Забележка „подвързано към” | |
| Забележка: Подвързано към... | Кн. е подвързана към "Златоуст за апостол Павла " |
| 650 #7 - Допълнително описание по предмет – тема | |
| 9 (RLIN) | 176937 |
| Основно описание – тема или топоним | Християнство - проповеди |
| 653 #7 - Ключова дума – ненормативна | |
| 9 (RLIN) | 195460 |
| Ключова дума | религия |
| 653 #7 - Ключова дума – ненормативна | |
| 9 (RLIN) | 194731 |
| Ключова дума | проповеди |
| 852 ## - Местоположение | |
| Систематично-азбучна сигнатура | 27-4/Г 38 |
| 856 ## - Електронен адрес и достъп | |
| Електронен формат | pdf - файл |
| Път до файла /url/ | http://87.120.137.51:18080/cgi-bin/koha/opac-retrieve-file.pl?id=99a2a41f85d9032c85f7b2afae7b91aa |
| Име на файл | Шестнайсет кратки речи за разни случаи |
| Права за достъп | Достъп за регистрирани потребители |
| Допълнителна информация (Корица, съдържание, пълен текст, звуков файл, HTML файл) | Електронна книга |
| Информация за съдържанието | Шестнайсет кратки речи за разни случаи |
| 942 ## - АРТИКУЛИ | |
| Вид на библиотечния материал | Електронен екземпляр |
| Скрит в OPAC | Не |
| Периодичен библиозапис | Да |
| 944 ## - СЪЗДАВАНЕ И РЕДАКЦИЯ на ЗАПИСА | |
| Създаване/Редакция | Създаване |
| Дата на регистрацията/редакция | 2020-07-03 |
| Служител, извършил регистрацията/редакцията | 30556 |
| Статус, дата на статуса | Теодора Пейчева-Дянкова |
| 999 ## - СИСТЕМНИ КОНТРОЛНИ НОМЕРА | |
| Koha biblionumber | 373041 |
| Koha biblioitemnumber | 373041 |
| 999 ## - СИСТЕМНИ КОНТРОЛНИ НОМЕРА | |
| Koha biblioitemnumber | 373041 |
| 999 ## - СИСТЕМНИ КОНТРОЛНИ НОМЕРА | |
| Koha biblioitemnumber | 373041 |
| 999 ## - СИСТЕМНИ КОНТРОЛНИ НОМЕРА | |
| Koha biblioitemnumber | 373041 |
| 999 ## - СИСТЕМНИ КОНТРОЛНИ НОМЕРА | |
| Koha biblioitemnumber | 373041 |
| 999 ## - СИСТЕМНИ КОНТРОЛНИ НОМЕРА | |
| Koha biblioitemnumber | 373041 |
| 999 ## - СИСТЕМНИ КОНТРОЛНИ НОМЕРА | |
| Koha biblioitemnumber | 373041 |
| 999 ## - СИСТЕМНИ КОНТРОЛНИ НОМЕРА | |
| Koha biblioitemnumber | 373041 |
| Код за отписване | Код за изгубен артикул | Източник на класификационната схема | Код за повреда | Коз за рестрикции | Код за отдаване | Артикулен № | Име на библиотеката - собственик | Име на библиотеката, в която се намира в момента | Статус (Текущо местоположение) | Дата на вписване в системата | Местоположение - отдел | Цена в лева | Инвентарен номер | Баркод | Цена в евро | Служебен тип на артикула |
|---|---|---|---|---|---|---|---|---|---|---|---|---|---|---|---|---|
| Не е изгубен | Universal Decimal Classification | Не е повреден | без рестрикции | заемане за дома | 817364 | Регионална библиотека "Любен Каравелов" Русе | Регионална библиотека "Любен Каравелов" Русе | ROBG-290 Писмените съкровища на Долен Дунав | 2021-03-19 | ROBG-290 Писмените съкровища на Долен Дунав | 0.00 | 100000000208 | 700000001099 | 0.00 | Електронен екземпляр |